[Event "Leverkusen-ch 15th"]
[Site "Leverkusen"]
[Date "2003.04.14"]
[Round "8"]
[White "Boehm, Stefan"]
[Black "Diesing, Christian"]
[Result "1/2-1/2"]
[WhiteElo "2091"]
[BlackElo "1911"]
[PlyCount "36"]
[EventDate "2003.01.06"]
[EventType "swiss"]
[EventRounds "9"]
[EventCountry "GER"]
[SourceTitle "EXT 2006"]
[Source "ChessBase"]
[SourceDate "2005.11.24"]
[SourceVersion "1"]
[SourceVersionDate "2005.11.24"]
[SourceQuality "1"]

1. d4 d5 2. c4 c6 3. Qc2 Nf6 4. Nf3 e6 5. e3 Nbd7 6. Nc3 Bb4 7. a3 Ba5 8. cxd5 exd5 9. Bd3 0-0 10. 0-0 Bc7 11. b4 a6 12. a4 Re8 13. Ba3 Nf8 14. b5 axb5 15. axb5 Bg4 16. Bxf8 Rxa1 17. Rxa1 Bxf3 18. Bb4 Bh5 1/2-1/2

[Event "Leverkusen-ch op 14th"]
[Site "Leverkusen"]
[Date "2002.04.29"]
[Round "9"]
[White "Simon, Martin"]
[Black "Diesing, Christian"]
[Result "1-0"]
[WhiteElo "1979"]
[BlackElo "1952"]
[PlyCount "47"]
[EventDate "2002.01.14"]
[EventType "swiss"]
[EventRounds "9"]
[EventCountry "GER"]
[SourceTitle "EXT 2004"]
[Source "ChessBase"]
[SourceDate "2003.11.25"]
[SourceVersion "1"]
[SourceVersionDate "2003.11.25"]
[SourceQuality "1"]

1. c4 e5 2. Nc3 f5 3. d4 e4 4. h4 Nf6 5. Nh3 Bb4 6. Nf4 0-0 7. Bd2 Bxc3 8. bxc3 Re8 9. e3 d6 10. Qb3 Kh8 11. h5 h6 12. c5 d5 13. c4 c6 14. Rb1 Kh7 15. Be2 Na6 16. 0-0 Nc7 17. Ba5 Qd7 18. Bxc7 Qxc7 19. Rb2 Rb8 20. Qa4 dxc4 21. Bxc4 b5 22. cxb6 axb6 23. Rc1 Qd6 24. Bf7 1-0

[Event "Leverkusen-ch op 14th"]
[Site "Leverkusen"]
[Date "2002.04.22"]
[Round "8"]
[White "Diesing, Christian"]
[Black "Ziabari, Morteza"]
[Result "1-0"]
[WhiteElo "1952"]
[BlackElo "1766"]
[PlyCount "63"]
[EventDate "2002.01.14"]
[EventType "swiss"]
[EventRounds "9"]
[EventCountry "GER"]
[SourceTitle "EXT 2004"]
[Source "ChessBase"]
[SourceDate "2003.11.25"]
[SourceVersion "1"]
[SourceVersionDate "2003.11.25"]
[SourceQuality "1"]

1. c4 g6 2. Nc3 Bg7 3. e4 Nc6 4. d3 d6 5. Nge2 e5 6. Be3 f5 7. exf5 Bxf5 8. Ng3 Nge7 9. Be2 0-0 10. h4 h6 11. Qd2 Kh7 12. Bf3 Rb8 13. Nce4 d5 14. cxd5 Nxd5 15. h5 Nf4 16. hxg6+ Bxg6 17. Bxf4 exf4 18. Nh5 Be5 19. 0-0-0 Nd4 20. Rde1 Nxf3 21. gxf3 Rf5 22. Nhg3 Bxb2+ 23. Kxb2 Rb5+ 24. Kc2 Qd4 25. Qc3 Rd8 26. Qxd4 Rxd4 27. Ne2 Rdb4 28. Rb1 a5 29. Nxf4 Bxe4 30. fxe4 Rc5+ 31. Kd2 Ra4 32. Rb2 1-0

[Event "Leverkusen-ch op 14th"]
[Site "Leverkusen"]
[Date "2002.03.18"]
[Round "6"]
[White "Diesing, Christian"]
[Black "Mueller, Dieter"]
[Result "1/2-1/2"]
[WhiteElo "1952"]
[BlackElo "2140"]
[PlyCount "37"]
[EventDate "2002.01.14"]
[EventType "swiss"]
[EventRounds "9"]
[EventCountry "GER"]
[SourceTitle "EXT 2004"]
[Source "ChessBase"]
[SourceDate "2003.11.25"]
[SourceVersion "1"]
[SourceVersionDate "2003.11.25"]
[SourceQuality "1"]

1. c4 e5 2. Nc3 Nf6 3. g3 d5 4. cxd5 Nxd5 5. Bg2 Nb6 6. d3 Nc6 7. Nf3 Be7 8. 0-0 0-0 9. a3 Be6 10. b4 a6 11. Bb2 Qd7 12. Ne4 f6 13. Rc1 Nd4 14. Bxd4 exd4 15. Nc5 Bxc5 16. bxc5 Nc8 17. Qc2 c6 18. Rb1 Rb8 19. Rb4 1/2-1/2

[Event "Leverkusen-ch op 14th"]
[Site "Leverkusen"]
[Date "2002.02.25"]
[Round "4"]
[White "Diesing, Christian"]
[Black "Ljuboschiz, Alexander"]
[Result "0-1"]
[WhiteElo "1952"]
[BlackElo "2137"]
[PlyCount "80"]
[EventDate "2002.01.14"]
[EventType "swiss"]
[EventRounds "9"]
[EventCountry "GER"]
[SourceTitle "EXT 2004"]
[Source "ChessBase"]
[SourceDate "2003.11.25"]
[SourceVersion "1"]
[SourceVersionDate "2003.11.25"]
[SourceQuality "1"]

1. c4 g6 2. Nc3 Bg7 3. g3 d6 4. Bg2 Nc6 5. e4 e5 6. Nge2 Nge7 7. d3 0-0 8. 0-0 Be6 9. Be3 Qd7 10. Qd2 Bh3 11. Bh6 Bxg2 12. Kxg2 f5 13. Bxg7 Kxg7 14. Nd5 Nxd5 15. cxd5 Ne7 16. f3 Ng8 17. Rac1 Nf6 18. Rc2 c5 19. dxc6 bxc6 20. Rfc1 Rac8 21. b4 h6 22. exf5 gxf5 23. f4 Rfe8 24. a4 Qb7 25. fxe5 dxe5 26. Kg1 Qb6+ 27. Rc5 a6 28. a5 Qa7 29. Kf1 Qb7 30. R1c4 Nd7 31. Rh4 Rh8 32. Rcc4 c5 33. Qe3 cxb4 34. Rxb4 Qd5 35. g4 fxg4 36. Qe4 Qxe4 37. Rxe4 Rc5 38. d4 Rxa5 39. dxe5 Nxe5 40. Rf4 Ng6 0-1

[Event "Leverkusen-ch op 14th"]
[Site "Leverkusen"]
[Date "2002.02.04"]
[Round "3"]
[White "Puetzkaul, Karl"]
[Black "Diesing, Christian"]
[Result "0-1"]
[WhiteElo "1815"]
[BlackElo "1952"]
[PlyCount "78"]
[EventDate "2002.01.14"]
[EventType "swiss"]
[EventRounds "9"]
[EventCountry "GER"]
[SourceTitle "EXT 2004"]
[Source "ChessBase"]
[SourceDate "2003.11.25"]
[SourceVersion "1"]
[SourceVersionDate "2003.11.25"]
[SourceQuality "1"]

1. d4 d5 2. c4 c6 3. Nf3 Nf6 4. cxd5 cxd5 5. Nc3 Nc6 6. Bf4 e6 7. e3 Bd6 8. Bg3 Ne4 9. Bd3 f5 10. 0-0 Nxg3 11. hxg3 g5 12. Qb3 g4 13. Nh4 Be7 14. Nxf5 exf5 15. Qxd5 Qxd5 16. Nxd5 0-0 17. Rac1 Bd6 18. a3 Kg7 19. Rc3 Be6 20. Nf4 Bxf4 21. gxf4 Rac8 22. Rfc1 Ne7 23. Rc7 Kf6 24. g3 Rxc7 25. Rxc7 Rc8 26. Rxc8 Nxc8 27. e4 h5 28. e5+ Ke7 29. d5 Bxd5 30. Bxf5 Nb6 31. Bd3 Nc4 32. Bg6 Bf7 33. Be4 b6 34. b4 Nxa3 35. f3 gxf3 36. Bxf3 Nc2 37. Kf2 Nxb4 38. Ke3 a5 39. Kd4 a4 0-1

[Event "Leverkusen-ch op 14th"]
[Site "Leverkusen"]
[Date "2002.01.28"]
[Round "2"]
[White "Diesing, Christian"]
[Black "Burgmer, Hubertus"]
[Result "1-0"]
[WhiteElo "1952"]
[BlackElo "1623"]
[PlyCount "39"]
[EventDate "2002.01.14"]
[EventType "swiss"]
[EventRounds "9"]
[EventCountry "GER"]
[SourceTitle "EXT 2004"]
[Source "ChessBase"]
[SourceDate "2003.11.25"]
[SourceVersion "1"]
[SourceVersionDate "2003.11.25"]
[SourceQuality "1"]

1. c4 c5 2. Nc3 Nc6 3. g3 g6 4. Bg2 Bg7 5. d3 e6 6. e4 d6 7. Nf3 Nge7 8. Be3 0-0 9. h4 Nd4 10. h5 Rb8 11. Qd2 a6 12. Bh6 Bxh6 13. Qxh6 g5 14. Qxg5+ Kh8 15. Qf6+ Kg8 16. h6 Nef5 17. Qxd8 Rxd8 18. exf5 Nxf5 19. g4 Ne7 20. Ne4 1-0

[Event "Leverkusen-ch op 11th"]
[Site "Leverkusen"]
[Date "1999.04.09"]
[Round "7"]
[White "Pyka, Andreas"]
[Black "Diesing, Christian"]
[Result "0-1"]
[WhiteElo "2045"]
[BlackElo "1794"]
[PlyCount "74"]
[EventDate "1999.01.08"]
[EventType "swiss"]
[EventRounds "9"]
[EventCountry "GER"]
[SourceTitle "EXT 2006"]
[Source "ChessBase"]
[SourceDate "2005.11.24"]
[SourceVersion "1"]
[SourceVersionDate "2005.11.24"]
[SourceQuality "1"]

1. d4 d5 2. c4 c6 3. cxd5 cxd5 4. Nc3 Nc6 5. Bf4 Nf6 6. e3 e6 7. Rc1 h6 8. Bd3 Bd6 9. Bxd6 Qxd6 10. Qd2 a6 11. f4 Bd7 12. Nf3 Rc8 13. 0-0 b5 14. Ne5 0-0 15. Bb1 Rc7 16. Ne2 Ne4 17. Bxe4 dxe4 18. Ng3 f5 19. Qf2 Rfc8 20. Rc5 Nxe5 21. fxe5 Qe7 22. b4 Bc6 23. Nh5 Bd5 24. Kh1 a5 25. a3 axb4 26. axb4 Rxc5 27. bxc5 Ra8 28. Qb2 Bc4 29. Ra1 Rxa1+ 30. Qxa1 b4 31. Qa8+ Kh7 32. Nf4 Qh4 33. h3 Qe1+ 34. Kh2 Qxe3 35. Nh5 Qxd4 36. Qe8 Qxe5+ 37. Kh1 e3 0-1

[Event "Leverkusen-ch op 11th"]
[Site "Leverkusen"]
[Date "1999.03.26"]
[Round "6"]
[White "Pollak, Artur"]
[Black "Diesing, Christian"]
[Result "0-1"]
[WhiteElo "1653"]
[BlackElo "1794"]
[PlyCount "66"]
[EventDate "1999.01.08"]
[EventType "swiss"]
[EventRounds "9"]
[EventCountry "GER"]
[SourceTitle "EXT 2006"]
[Source "ChessBase"]
[SourceDate "2005.11.24"]
[SourceVersion "1"]
[SourceVersionDate "2005.11.24"]
[SourceQuality "1"]

1. e4 e6 2. Nc3 d5 3. exd5 exd5 4. d4 Bb4 5. Bd2 Bf5 6. Nf3 Ne7 7. Be2 0-0 8. 0-0 Re8 9. a3 Ba5 10. b4 Bb6 11. a4 Nbc6 12. Bb5 a6 13. Bxc6 Nxc6 14. b5 Nxd4 15. Nxd4 Bxd4 16. Rb1 Bb6 17. Bf4 d4 18. Ne2 d3 19. cxd3 Bxd3 20. Ng3 axb5 21. Qg4 Bxf1 22. Nh5 Qd4 23. Rxf1 Rxa4 24. Qg3 Ra1 25. Bc1 Ba5 26. Qxg7+ Qxg7 27. Nxg7 Rxc1 28. Nxe8 Rxf1+ 29. Kxf1 b4 30. Nf6+ Kg7 31. Nh5+ Kh6 32. Nf4 b3 33. Nd3 Bc3 0-1